| 000 | 00415nam a2200157Ia 4500 | ||
|---|---|---|---|
| 008 | 221030s9999 xx 000 0 und d | ||
| 020 | _a8125907777 | ||
| 041 | _aEnglish | ||
| 082 |
_a105.23 _bPat |
||
| 100 | _aB. M. Patel | ||
| 245 | 0 | _aProject Management Strategic Financial Planning, Evaluation & Control | |
| 260 |
_bVikas PUb. House _aNew Delhi _c2000 |
||
| 300 | _a666 | ||
| 650 | _aManagement | ||
| 942 | _cBK | ||
| 999 |
_c2442 _d2442 |
||